| 000 | 00397nam a2200157Ia 4500 | ||
|---|---|---|---|
| 008 | 210716s2005 xx 000 0 und d | ||
| 020 | _a8129712334 | ||
| 041 | _aeng | ||
| 082 | _a005.73 KAMA | ||
| 100 | _aKamthane, Ashok N. | ||
| 245 | _aC and data structures. | ||
| 250 | _a1 | ||
| 260 |
_aNew Delhi _bPearson Education _c2005 |
||
| 300 | _axii,618 | ||
| 650 | _aData Structures & Algorithms | ||
| 999 |
_c187581 _d187581 |
||